Detalles MARC
| 000 -LÍDER |
| Campo fijo de descripción fija |
01834nam a22003734i 4500 |
| 001 - NÚMERO DE CONTROL |
| Campo de control |
1462884 |
| 003 - IDENTIFICADOR DEL NÚMERO DE CONTROL |
| Campo de control |
CO-MdFUSB |
| 005 - FECHA Y HORA DE LA ULTIMA TRANSACCIÓN |
| control field |
20250903115612.0 |
| 008 - ELEMENTOS DE LONGITUD FIJA -- INFORMACIÓN GENERAL |
| Campo fijo de descripción fija -- Información general |
150115s2008 ilu gr 00010 spa d |
| 020 ## - NÚMERO INTERNACIONAL NORMALIZADO PARA LIBROS |
| Número Internacional Normalizado del libro |
9781940009490 |
| 040 ## - FUENTE DE CATALOGACIÓN |
| Agencia de catalogación original |
CO-BoBLA |
| Idioma de catalogación |
spa |
| Agencia que realiza la transcripción |
CO-MdFUSB |
| Agencia que realiza la modificación |
CO-MdFUSBC |
| Convenciones de la descripción |
rda |
| 041 ## - CÓDIGO DE IDIOMA |
| Código de idioma para texto/pista de sonido o título separado |
spa |
| 082 04 - NÚMERO DE CLASIFICACIÓN DECIMAL DEWEY |
| Número de clasificación |
250 |
| Clave de autor-Numero de item |
D481 |
| Número de la edición del Dewey |
23 |
| 100 1# - ASIENTO PRINCIPAL--NOMBRE PERSONAL |
| Nombre personal |
Dever, Mark. |
| Término relacionador |
autor |
| 240 ## - TITULO UNIFORME |
| Título uniforme |
<a href="What is a Healthy Church">What is a Healthy Church</a> |
| 245 01 - TÍTULO |
| Título del Material |
¿Qué es una iglesia sana? |
| Mención de responsabilidad, etc. |
/ Mark Dever |
| 260 #1 - PUBLICACIÓN, DISTRIBUCIÓN, ETC. (PIE DE IMPRENTA) |
| Nombre del editor, distribuidor, etc. |
Crossway Books, |
| 264 #1 - PRODUCCIÓN, PUBLICACIÓN, DISTRIBUCIÓN, MANUFACTURA, Y COPYRIGHT |
| Lugar de producción, publicación, distribución, manufactura |
Wheaton : |
| Nombre del productor, publicador, distribuidor |
9Marks, |
| Fecha de producción, publicación, distribución, manufactura, o copyright |
℗2016 |
| 264 #4 - PRODUCCIÓN, PUBLICACIÓN, DISTRIBUCIÓN, MANUFACTURA, Y COPYRIGHT |
| Fecha de producción, publicación, distribución, manufactura, o copyright |
©2016 |
| 300 ## - DESCRIPCIÓN FÍSICA |
| Extensión |
267 páginas ; |
| Dimensiones |
18 cm. |
| 336 ## - TIPO DE CONTENIDO |
| Fuente |
rdacontent |
| Término de tipo de contenido |
texto |
| Código de tipo de contenido |
txt |
| 337 ## - TIPO DE MEDIO |
| Fuente |
rdamedia |
| Nombre del tipo de medio |
sin mediación |
| Código del tipo de medio |
n |
| 338 ## - TIPO DE SOPORTE |
| Fuente |
rdacarrier |
| Nombre del tipo de soporte |
volumen |
| Código Tipo de soporte |
nc |
| 505 ## - NOTA DE CONTENIDO |
| Información miscelánea |
Parte I: |
| Título |
¿Qué es una iglesia sana? : |
| Nota de contenido con formato preestablecido |
Tu cristianismo y tu iglesia -- Lo que una iglesia es... y no es -- Lo que toda iglesia debe aspirar a ser: Santa -- Guía básica: Cómo reflejar el carácter de Dios -- Consejos rápidos: si éstas pensando salir de tu iglesia |
| Información miscelánea |
Parte II: |
| Título |
Marcas esenciales de una iglesia sana: |
| Nota de contenido con formato preestablecido |
Predicación expositiva -- Teología bíblica -- Un entendimiento bíblico de las buenas nuevas -- Consejos rápidos: Cómo encontrar una iglesia santa |
| Información miscelánea |
Parte III: |
| Título |
Marcas importantes de una iglesia sana: |
| Nota de contenido con formato preestablecido |
Un entendimiento bíblico de la conversión -- Un entendimiento bíblico del evangelismo -- Un entendimiento bíblico de la membresía - Disciplina bíblica en la iglesia -- El discipulado y el crecimiento bíblico -- Liderazgo bíblico en la iglesia -- Conclusión: ahora viene lo bueno |
| 563 ## - NOTA DE ENCUADERNACIÓN |
| Nota de encuadernación |
Tapa rústica |
| 650 #0 - ASIENTO SECUNDARIO DE MATERIA - TERMINO TEMÁTICO |
| Término temático o nombre geográfico como elemento de entrada |
Teología práctica |
| 9 (RLIN) |
180 |
| 650 #7 - ASIENTO SECUNDARIO DE MATERIA - TERMINO TEMÁTICO |
| Término temático o nombre geográfico como elemento de entrada |
Iglesia |
| 9 (RLIN) |
655 |
| 720 ## - ASIENTO SECUNDARIO - NOMBRE NO CONTROLADO |
| Nombre |
Puerto, Daniel |
| 720 ## - ASIENTO SECUNDARIO - NOMBRE NO CONTROLADO |
| Nombre |
Dennis, Josh |
| 720 ## - ASIENTO SECUNDARIO - NOMBRE NO CONTROLADO |
| Nombre |
Pérez Albandoz, Javier |
| 720 ## - ASIENTO SECUNDARIO - NOMBRE NO CONTROLADO |
| Nombre |
Durais, Rubner |
| 942 ## - TIPO DE MATERIAL (KOHA) |
| Tipo de Item KOHA |
Libros General |
| 945 ## - INFORMACIÓN LOCAL DEL REGISTRO |
| Catalogador |
JTF-925 |